000 00620cab a2200217 4500
001 ABS48125
008 090401t1993 xxu||||| |||| 00| 0 eng d
035 _a(Sirsi) u65123
041 _aeng
100 _aGordon, A.B.
245 _aJoint or common property?
260 _c1993
350 _a0
490 _aScots Law Times
_v8 26 February 1993, 61-62(2)
520 _aArticle challenging the assumption that taking title in joint names means the same thing as joint property.
650 _aJOINT OWNERSHIP
650 _aSCOTLAND
690 _aPROPERTY LAW AND PRACTICE
942 _n0
948 _c04/03/1997
999 _c40596
_d40596